000 01373 a2200265 4500
003 Nust
005 20170207163743.0
010 _a 2008037520
020 _a0073375691 (alk. paper)
020 _a9780073375694 (alk. paper)
040 _cNust
082 0 0 _a330
100 1 _aMcConnell, Campbell R.
245 1 0 _aEconomics :
_bprinciples, problems, and policies
_cCampbell R. McConnell, Stanley L. Brue, Sean M. Flynn.
250 _a18th ed.
260 _aBoston :
_bMcGraw-Hill Irwin,
_cc2009.
300 _axxxi, 786 [59] p. :
_bcol., ill. ;
_c26 cm.
490 0 _aThe McGraw-Hill series in economics
505 _aPart 1-Introduction to Economics and the Economy (Page-1),Part 2- Microeconomics of Product Markets (Page-112),Part 3- Microeconomics of Resource Markets (Page-252),Part 4- Microeconomics if Government (Page-334),Part 5- Microeconomics Issues and Policies (Page-374),Part 6- GDP, Growth and Instability (Page-465),Part 7- Microeconomic Models and Fiscal Policy (Page-540),Part 8- Money, Banking and Monetary Policy (Page-628),Part 9- Extensions and Issues (Page-706),Part 10- International Economics (Page-742).
538 _aAlmirah No.51 and Shelf No.1
650 0 _aEconomics.
700 1 _aBrue, Stanley L.,
_d1945-
700 1 _aFlynn, Sean Masaki.
856 4 1 _3Table of contents only
_uhttp://www.loc.gov/catdir/toc/ecip0826/2008037520.html
942 _2ddc
_cBK
999 _c207933
_d207933